[Event "Capablanca Memorial Elite 31st"]
[Site "Cienfuegos"]
[Date "1996.??.??"]
[Round "7"]
[White "Hernandez Guerrero, Gilberto Eduardo"]
[Black "Miles, Anthony John"]
[Result "0-1"]
[WhiteElo "2555"]
[BlackElo "2635"]
[Annotator "Wedberg,T"]
[PlyCount "124"]
[EventDate "1996.05.??"]
[EventType "tourn"]
[EventRounds "13"]
[EventCountry "CUB"]
[EventCategory "12"]
[SourceTitle "CBM 054"]
[Source "ChessBase"]
[SourceDate "1996.10.01"]
[SourceVersion "1"]
[SourceVersionDate "1996.10.01"]
[SourceQuality "1"]

1. e4 Nc6 2. Nf3 e5 3. Bb5 Nf6 4. O-O Nxe4 5. d4 Nd6 6. Bxc6 dxc6 7. dxe5 Nf5
8. Qxd8+ Kxd8 9. Nbd2 Ke8 (9... h6 10. Nb3 c5 11. Rd1+ Ke8 12. g4 Ne7 13. h3 b6
14. Kg2 g5 15. Kg3 Ng6 16. Bd2 Bb7 17. Bc3 Bg7 $15 {Emunds,H-Keitlinghaus,L/
Münster (10) 1992/0-1 (70)}) 10. Re1 (10. b3 a5 11. a4 Bb4 12. Bb2 (12. Ne4 $5)
12... Bxd2 13. Nxd2 Be6 14. Rfd1 Rd8 15. h3 h5 16. Ne4 b6 17. Ng5 Ke7 18. g4
hxg4 19. hxg4 Nh6 20. f3 Rd5 21. c4 Rxd1+ 22. Rxd1 Rb8 23. Kf2 $14 {Dolmatov,
S-Karaklajic,N/Belgrade GMA-op 1988/1-0 (53)}) 10... h6 11. h3 (11. Nb3 Be6 12.
Nbd4 Nxd4 13. Nxd4 Bc5 14. Nxe6 fxe6 15. Be3 Bxe3 16. Rxe3 Rd8 $10 {Link,
M-Bjornsson,B/Reykjavik op (04) 1994/1/2-1/2 (54)}) 11... c5 12. Ne4 b6 13. Bf4
Be6 14. Rad1 Rd8 15. Rxd8+ Kxd8 16. g4 Ne7 17. Bg3 Nc6 18. a3 Be7 19. Nh4 Kc8
$1 {This effectively stops Whites planned action with the advance f4-f5.} 20.
Nf3 (20. Nf5 $2 Bxf5 21. gxf5 Nd4 $17) (20. f4 $2 Nd4 21. Kf2 g5 $17) (20. Kg2
$2 Bxh4 21. Bxh4 Nxe5 22. Nxc5 Bd5+ 23. Ne4 Nc4 $17) 20... Rd8 21. Kg2 Kb7 22.
Nfd2 h5 23. f3 Nd4 $15 {White is worse due to Blacks pair of bishops.} 24. c3
Nc6 25. Nf1 Na5 26. Ne3 Nc4 27. Nxc4 Bxc4 28. f4 Rd3 $6 (28... h4 $5) 29. gxh5
$1 Be6 30. Re2 Rd8 31. Bf2 Kc6 32. Be1 (32. a4 a5 {/\Bb3xa4}) 32... Kb5 33. Ng3
Ka4 34. f5 Bd5+ 35. Kf2 Bh4 36. c4 $5 $132 (36. Rd2 Kb3 $17) 36... Bxc4 37. Re4
Rd4 38. Ke3 Bg5+ $2 (38... Rxe4+ 39. Kxe4 Kb3 $17) 39. Kf2 Bd3 40. Rg4 Bh6 41.
Bc3 Rf4+ 42. Rxf4+ Bxf4 43. e6 f6 44. Kf3 Bh6 45. Ne4 {Black has allowed White
to get a very active position, with b2 well defended and a threatening passed
pawn on e6. It certainly looks difficult for Black.} Kb3 46. a4 (46. e7 Bb5 47.
h4 (47. Nxf6 $2 gxf6 48. Bxf6 c4 49. Bc3 Be8 50. Kg4 c5 $19) 47... Be8 48. Kg4
Bb5 49. Kf3 Be8 $10) 46... Bc2 47. a5 Bd3 (47... Bd1+ 48. Kf2 Bxh5 49. Bxf6 $1
$16) (47... Kc4 $2 48. axb6 axb6 49. Bd2 $1 $16) 48. axb6 axb6 49. h4 $2 (49.
Bd2 $1 Bxd2 (49... Bxe4+ 50. Kxe4 Bxd2 51. e7 $18) (49... Kxb2 50. Bxh6 gxh6
51. Nxf6 Bb5 52. Ng4 $18) 50. Nxd2+ Kxb2 51. Ne4 Bb5 52. Nxf6 c4 53. Ne4 Bc6 (
53... c3 54. Nxc3 Kxc3 55. f6 $18) 54. Kf4 Bxe4 55. Kxe4 c3 56. e7 c2 57. e8=Q
c1=Q 58. Qe5+ $16) 49... Bc2 50. Ng3 (50. Bxf6 gxf6 51. Nxf6 Kxb2 52. e7 Ba4
53. e8=Q Bxe8 54. Nxe8 c4 $19) (50. Bd2 Bxd2 51. Nxd2+ Kxb2 52. h6 gxh6 53. Ne4
c4 $19) 50... Kc4 51. e7 Ba4 52. Ne4 Bc6 53. Kg4 Kd5 54. Nxf6+ $2 (54. Ng5 Kd6
55. Nf7+ Kxe7 56. Nxh6 gxh6 57. Bd2 Ba4 58. Bxh6 Bd1+ 59. Kf4 Bxh5 60. Ke4 $10)
54... gxf6 55. Bxf6 Bd7 $1 $19 56. Bg5 Bg7 57. h6 Bxb2 58. e8=Q Bxe8 59. f6
Bxf6 $1 60. Bxf6 Bg6 61. Kg5 Bd3 62. Bd8 b5 0-1

[Event "Nikolaev zt"]
[Site "Nikolaev"]
[Date "1995.??.??"]
[Round "4"]
[White "Kuzmin, Gennadi P"]
[Black "Aleksandrov, Aleksej"]
[Result "0-1"]
[WhiteElo "2545"]
[BlackElo "2510"]
[Annotator "Wedberg,T"]
[PlyCount "116"]
[EventDate "1995.03.??"]
[EventType "swiss"]
[EventRounds "11"]
[EventCountry "UKR"]
[SourceTitle "CBM 047"]
[Source "ChessBase"]
[SourceDate "1995.08.01"]
[SourceVersion "1"]
[SourceVersionDate "1995.08.01"]
[SourceQuality "1"]

1. e4 {Hecht} e5 2. Nf3 Nc6 3. Bb5 Nf6 4. O-O Nxe4 5. d4 Nd6 6. Bxc6 dxc6 7.
dxe5 Nf5 8. Qxd8+ Kxd8 9. h3 Ke8 10. b3 (10. Nc3 $142) 10... a5 $1 11. a4 Bb4
$1 12. Bb2 Be6 13. Rd1 Bd5 (13... Rd8 $10) 14. Nbd2 Rd8 (14... Bxd2 $5 15. Nxd2
c5 $10) 15. c3 $1 Bc5 16. c4 Bxf3 17. Nxf3 Ng3 $5 18. Rxd8+ Kxd8 19. Re1 (19.
Rd1+ Ke7 20. Nd4 Bxd4 21. Bxd4 Ne2+ 22. Kf1 Nxd4 23. Rxd4 $14) 19... Ke7 20.
Bc3 b6 21. Bd2 (21. Nd4 $2 Bxd4 22. Bxd4 Nf5 23. Bc3 Rd8 $17) 21... h6 22. e6
$1 fxe6 23. Ne5 Re8 24. Bc3 Nf5 25. g4 Nh4 26. Nxc6+ Kd7 27. Ne5+ Kc8 28. Kf1
$6 (28. Rd1 Rf8 29. Nd3 $14) 28... Rd8 29. Rc1 g5 30. Ke2 Ng2 $132 31. Nd3 Bd4
32. c5 Kb7 33. c6+ Ka6 34. Kf3 Nh4+ 35. Ke4 Bxc3 36. Rxc3 Ng6 37. f4 Rf8 38.
Rc2 $2 (38. fxg5 hxg5 39. Rc1 Rh8 40. Rh1 $13 (40. Rf1 Rxh3 41. Rf7 $4 Rxd3 $19
)) 38... gxf4 39. h4 (39. Rf2 e5 40. Nxe5 $2 Re8 $19) 39... f3 40. h5 Ne7 41.
Nf4 Nd5 $1 $17 42. Nxe6 f2 $19 43. Rxf2 Nc3+ 44. Kd3 Rxf2 45. Kxc3 {Hecht:
N<->R. 5<->4 Bauern, Bauern auf beiden Flügeln. Aktiver sR gegen w
Bauernschwächen. Schwierige Technik wegen passiven s K.} Rf7 46. Kc4 b5+ 47.
Kc5 (47. axb5+ {Hecht} Kb6 48. g5 hxg5 49. Nxg5 Rf4+ 50. Kc3 Kxb5 51. Ne6 Rf3+
$19) 47... bxa4 48. bxa4 Ka7 49. Nd4 Rf4 50. Ne6 Rf7 51. Nd4 Rg7 52. Ne6 Re7
53. Kd5 Kb6 54. Nf8 Re1 55. Nd7+ Ka6 56. Ne5 Ra1 57. Nd7 Ka7 58. Nc5 Rg1 0-1

[Event "Bundesliga 0102"]
[Site "Germany"]
[Date "2002.04.28"]
[Round "15.8"]
[White "Nijboer, Friso"]
[Black "Gross, David2"]
[Result "1-0"]
[WhiteElo "2551"]
[BlackElo "2463"]
[Annotator "Wedberg,T"]
[PlyCount "80"]
[EventDate "2001.10.06"]
[EventType "team-tourn"]
[EventRounds "15"]
[EventCountry "GER"]
[SourceTitle "CBM 089"]
[Source "ChessBase"]
[SourceDate "2002.08.12"]
[SourceVersion "1"]
[SourceVersionDate "2002.08.12"]
[SourceQuality "1"]
[WhiteTeam "Porz"]
[BlackTeam "Tegernsee"]
[WhiteTeamCountry "GER"]
[BlackTeamCountry "GER"]

1. e4 e5 2. Nf3 Nc6 3. Bb5 Nf6 4. O-O Nxe4 5. d4 Nd6 6. Bxc6 dxc6 7. dxe5 Nf5
8. Qxd8+ Kxd8 9. Nc3 Bd7 10. Rd1 Kc8 11. Ng5 Be8 12. b3 b6 13. Bb2 Be7 14. Nh3
$5 {[%cal Yh3f4,Yc3e4][%mdl 8] The N is going to f4 rather than to e4 where to
the other N is heading. A logistical solution well worth remembering. Still it
might be merely cosmetical since Nh3-f4 and Se4 takes just as many moves as
Nge4 and Ne2-f4.} (14. Nge4 Kb7 15. Rd3 (15. Ne2 a5 16. a4 Rd8 17. Rxd8 Bxd8
18. Rd1 Kc8 19. Nf4 h5 {1/2-1/2 Stefansson,H-Almasi,Z/Ohrid 2001/CBM 84 (19)})
15... Rd8 16. Rad1 Rxd3 17. Rxd3 h5 18. Bc1 $14 {1-0 Leko,P-Kramnik,V/Budapest
2001/CBM 81/[Wedberg] (62)}) 14... Bd7 (14... Kb7 {intending Rd8 is the
alternative.}) 15. Ne4 h6 16. Nf4 Rd8 17. h3 g6 18. g4 Ng7 19. Ng2 h5 20. f3
hxg4 (20... c5 21. Kf2 Kb7 22. Ke3 Bc6 $132) 21. hxg4 Kb7 22. Kf2 Ne6 23. Ke3
a5 24. a4 c5 25. Nf4 Nxf4 26. Kxf4 $14 Be6 {Here the B is passive. It's better
to put it on c6.} (26... Bc6 $5) 27. c4 Rxd1 28. Rxd1 Rh8 29. Kg3 c6 30. Bc1 b5
31. Bg5 $16 Bxg5 32. Nxg5 Re8 33. Ne4 Kc7 34. axb5 a4 (34... cxb5 35. Nd6 $18)
35. bxa4 cxb5 36. cxb5 Bb3 37. Rc1 Bxa4 38. Rxc5+ Kb6 39. Nd6 Kxc5 40. Nxe8 Kd5
1-0

[Event "Horgen-B"]
[Site "Horgen"]
[Date "1995.??.??"]
[Round "4"]
[White "Kindermann, Stefan"]
[Black "Almasi, Zoltan"]
[Result "0-1"]
[WhiteElo "2565"]
[BlackElo "2630"]
[Annotator "Wedberg,T"]
[PlyCount "82"]
[EventDate "1995.10.??"]
[EventType "tourn"]
[EventRounds "9"]
[EventCountry "SUI"]
[EventCategory "11"]
[SourceTitle "CBM 050"]
[Source "ChessBase"]
[SourceDate "1996.02.01"]
[SourceVersion "1"]
[SourceVersionDate "1996.02.01"]
[SourceQuality "1"]

1. e4 e5 2. Nf3 Nc6 3. Bb5 Nf6 4. O-O Nxe4 5. d4 Nd6 6. Bxc6 dxc6 7. dxe5 Nf5
8. Qxd8+ Kxd8 9. c4 $6 {This is hard to understand, since it later helps Black
to get his pawns rolling on the queenside.} (9. Nc3 {Followed by h3, g4, Nd4
and f4 is the only really good plan for White in this position.}) 9... Be6 10.
b3 a5 $1 {Excellent, Black gets on with it rather than waste tempi on nice
looking development moves.} 11. Nc3 (11. a4 Bb4 $15) 11... Bb4 12. Ne4 a4 13.
h3 h5 (13... axb3 14. Bg5+ $132) 14. Bd2 (14. Bg5+ Kc8 {And b6, Kb7 gives
Black a good game.}) 14... Bxd2 15. Nfxd2 b6 16. Nf3 Ke7 17. Rfd1 axb3 18. axb3
Rhd8 19. Neg5 Rxa1 20. Rxa1 Rd3 $17 21. Nxe6 fxe6 22. Rb1 c5 23. b4 cxb4 24.
Rxb4 Nd4 25. Ng5 Nc6 26. Ra4 Rd4 27. Ra3 Rxc4 $19 28. g3 b5 29. Rf3 Nxe5 30.
Re3 Kd6 31. f4 Rc1+ 32. Kf2 Rc2+ 33. Ke1 Nc4 34. Rxe6+ Kd5 35. Re8 b4 36. Rb8
Rb2 37. f5 b3 38. Ne6 Rb1+ 39. Ke2 b2 40. Rb5+ Kd6 41. Kd3 Na3 0-1

[Event "FIDE-Wch k.o."]
[Site "Moscow"]
[Date "2001.11.27"]
[Round "1.1"]
[White "Shirov, Alexei"]
[Black "Rizouk, Aimen"]
[Result "1-0"]
[WhiteElo "2706"]
[BlackElo "2464"]
[Annotator "Wedberg,T"]
[PlyCount "55"]
[EventDate "2001.11.27"]
[EventType "k.o."]
[EventRounds "7"]
[EventCountry "RUS"]
[SourceTitle "CBM 086"]
[Source "ChessBase"]
[SourceDate "2002.02.05"]
[SourceVersion "1"]
[SourceVersionDate "2002.02.05"]
[SourceQuality "1"]

1. e4 e5 2. Nf3 Nc6 3. Bb5 Nf6 4. O-O Nxe4 5. d4 Nd6 6. Bxc6 dxc6 7. dxe5 Nf5
8. Qxd8+ Kxd8 9. Nc3 Bd7 10. h3 h6 11. b3 Kc8 12. Bb2 Ne7 13. Rad1 b6 14. Nd4
$1 $146 {[%mdl 8] If we consider the plan f4-f5, and then e6 or f6, optimal
for White, then d4 is an excellent square for the white N. True, the N can be
kicked by c5, but then there is an intreesting circuit e2-g3-e4-(g5) depending
on what actions Black take. All in all Shirov's novelty open up new
interesting vistas for the white side.} (14. Ne2 Ng6 15. Ng3 (15. Ne1 {was
Kasparovs choice in the match against Kramnik. It has been tired a few times
since then, but Black seems to have no problems.} h5 16. Nd3 (16. f4 Ne7 17.
Ng3 (17. Nf3 Nf5 18. Rd3 Bc5+ 19. Nfd4 a5 20. a4 Bxd4+ 21. Nxd4 c5 22. Nxf5
Bxf5 $11 {1/2-1/2 Arutunian,D-Kamadadze,Z/Batumi 2001/EXT 2002 (37)}) 17... Nf5
18. Rxd7 Nxg3 19. Rxf7 Bc5+ 20. Rf2 Ne2+ 21. Kf1 Ng3+ 22. Kg1 {1/2-1/2 Yagupov,
I-Belikov,V/Alushta 2001/EXT 2002 (22)}) 16... c5 17. c4 (17. Ndf4 Nxf4 18.
Nxf4 a5 19. Rd2 Bf5 20. Rfd1 Kb7 21. a4 h4 $11 {1-0 Van den Doel,E-Jonkman,H/
Leeuwarden 2001/CBM 80 ext (46)}) 17... a5 18. a4 h4 19. Nc3 Be6 20. Nd5 Kb7
21. Ne3 Rh5 $11 {1/2-1/2 Kasparov,G-Kramnik,V/London 2000/CBM 80/[Wedberg] (25)
}) 15... Nf4 16. Nd4 a5 17. a4 b5 $13 {1/2-1/2 Shirov,A-Kramnik,V/Astana 2001/
CBM 84/[Wedberg] (41)}) (14. Rd2 c5 15. Rfd1 Be6 16. Ne2 g5 17. h4 g4 18. Nh2
h5 $13 {0-1 Anand,V-Kramnik,V/Mainz 2001/CBM 84 (27)}) (14. Ne1 a5 15. a4 h5
16. Nf3 Bf5 17. Nd4 Bg6 18. Rd2 Kb7 19. Rfd1 Re8 20. Nce2 Bh7 21. e6 f6 $13 {
0-1 Nijboer,F-Van den Doel,E/Leeuwarden 2001/CBM 84 (34)}) 14... Ng6 $6 {
Black wants to defend against f4-f5 by hitting e5. Eventually this doesn't
work, so somewhere we need to look for an alternative. But it´s not a big
surprise that Black has more problems against an active central move like Nd4
than against moves like Ne1.} (14... c5 {is the major alternative.} 15. Nde2 c4
$5 {suggested by Alexey Bezgodov on Club Kasparov} (15... h5 16. Ne4 Bf5 17.
N2g3 Bg6 (17... Bh7 18. Ng5 Bxc2 19. Nxf7 $36) 18. f4 h4 19. f5 Bh7 20. f6 $36)
(15... Bf5 16. Rd2 h5 17. Ng3 Bg6 (17... h4 18. Nxf5 Nxf5 19. Ne4 Be7 20. g4 $5
$36) 18. f4 h4 19. f5 Bh7 20. Nge4 $1 (20. f6 gxf6 21. exf6 Bh6 22. Re2 Nc6
$132) 20... Bxf5 (20... Nxf5 21. Ng5 $16) 21. Ng5 f6 22. exf6 gxf6 23. Nd5 $36)
16. bxc4 Nc6 {[%csl Rc4][%cal Yc6a5,Ya5c4,Yf8c5,Yd7e6,Ye6c4]} 17. Nd5 (17. Ne4
Na5 18. c5 Nb7 $1 $132) 17... Na5 18. Ne3 Be6 (18... Bc5 19. Nd4 $16) 19. Nf4
Bxc4 (19... Nxc4 $2 20. Nxe6 Nxb2 21. Rd8+ Kb7 22. Rxa8 Kxa8 23. Nxc7+ $16) 20.
Nxc4 Nxc4 21. Bc3 $14 {[%cal Ye5e6]}) 15. f4 a5 (15... Bc5 16. Ne4 Bxd4+ 17.
Rxd4 Re8 18. g4 $16) (15... c5 16. Nde2 h5 17. Ne4 {[%cal Yf4f5,Ge4g5] White
is rolling.}) 16. a4 {If Black is allowed to push a4 he gets too much
counterplay.} h5 (16... c5 17. Nde2 Bf5 18. Rd2 h5 19. Nd5 $16 {[%cal Yd5e3,
Yf4f5]}) (16... Bc5 17. Ne4 Bxd4+ 18. Rxd4 c5 19. Rd2 Bc6 20. Ng3 $16) 17. Ne4
Be7 {Black is holding up the f5 thrust, but Shirov finds another active
approach.} 18. Ng5 $1 (18. Ne2 Re8 19. f5 Nxe5 $1 20. Bxe5 Bf8 $13) 18... c5 (
18... Bxg5 19. fxg5 Nxe5 20. Nf5 {Blacks position crumbles.} Ng6 21. Nxg7 $18)
19. Nxf7 $1 $16 Rf8 (19... cxd4 20. f5 Rf8 21. fxg6 $16) 20. e6 cxd4 (20...
Rxf7 21. exd7+ Kxd7 22. Nf5+ Bd6 23. Nxg7 Rxf4 24. Nxh5 $18) 21. f5 (21. exd7+
Kxd7 22. Rxd4+ $16) 21... Nh4 22. exd7+ Kxd7 23. Ne5+ Kc8 24. Nc6 Bc5 25. Bxd4
Rxf5 26. Rxf5 Nxf5 27. Bxc5 bxc5 28. Rd5 1-0

[Event "Tan Chin Nam Cup 7th"]
[Site "Shanghai"]
[Date "2001.07.13"]
[Round "5"]
[White "Zhang, Zhong"]
[Black "Sokolov, Ivan"]
[Result "1/2-1/2"]
[WhiteElo "2632"]
[BlackElo "2659"]
[Annotator "Wedberg,T"]
[PlyCount "178"]
[EventDate "2001.07.09"]
[EventType "tourn"]
[EventRounds "9"]
[EventCountry "CHN"]
[EventCategory "16"]
[SourceTitle "CBM 085"]
[Source "ChessBase"]
[SourceDate "2001.11.13"]
[SourceVersion "1"]
[SourceVersionDate "2001.11.13"]
[SourceQuality "1"]

1. e4 e5 2. Nf3 Nc6 3. Bb5 Nf6 4. O-O Nxe4 5. d4 Nd6 6. Bxc6 dxc6 7. dxe5 Nf5
8. Qxd8+ Kxd8 9. Nc3 Bd7 {This idea has turned out to be a hard nut to crack.
From nowhere to World Championship status in just a few years. So who is the
inventor? The first game on record with Bd7 followed by a later Kc8 was played
in 1976 by Alexander Beliavsky, when he beat Ostos in a nice game.   But then
there was silence for nineteen years until the german Rolf Schlindwein started
experimenting with it in the mid 90's. In 1998 Ian Rogers played it. So far
the idea had gone largely unnoticed.   Then finally in 2000 the Berlin brew
had been simmering long enough. The renewed interest in the Berlin as a whole,
which led to a search for new ideas brought Bd7 to the limelight. Kosashvili,
Almasi and Krasenkow set the stage for Kramnik to bring Bd7 to the highest
level. Now you see Bd7 everwhere.} 10. b3 (10. Rd1 Kc8 11. Ng5 {Is one of the
more promising White tries to gain an advantage after Bd7.} Be8 12. b3 {
One of White's main ideas is to put the B on b2 and then later surprise Black
with e6 and Bxg7.} (12. Nge4 b6 13. h3 Kb7 14. g4 Ne7 15. Bf4 h5 $132 {1/2-1/2
Kasparov,G-Kramnik,V/Zuerich 2001/CBM 83/[Wedberg] (27)}) 12... b6 (12... c5
13. Bb2 Nd4 14. Nd5 h6 15. Ne4 Nf5 16. a4 $14 {1/2-1/2 Gdanski,J-Grabarczyk,M/
Warsaw 2001/CBM 82 (48)}) (12... a5 13. Bb2 b6 14. Rd3 Be7 15. Nge4 Bd7 16. a4
Rd8 17. Rad1 Nh4 18. Ne2 Bf5 19. Rxd8+ Bxd8 20. N2g3 Bg6 21. f3 Nf5 22. Nxf5
Bxf5 23. e6 Bxe6 24. Bxg7 $14 {1-0 Sutovsky,E-Grabarczyk,M/Ohrid 2001/CBM 84 
(37)}) 13. Bb2 Be7 14. Nge4 Kb7 15. Rd3 Rd8 16. Rad1 Rxd3 (16... Kc8 17. h3 h5
18. Bc1 $14 {1/2-1/2 Rowson,J-Miles,A/Scarborough 2001/CBM 83 ext (47)}) 17.
Rxd3 h5 18. Bc1 $14 {1-0 Leko,P-Kramnik,V/Budapest 2001/CBM 81 (62)}) 10... Kc8
11. Bb2 h6 12. Rad1 a5 (12... b6 13. Ne2 (13. h3 Ne7 14. Rd2 c5 15. Rfd1 Be6
16. Ne2 g5 17. Ng3 Nc6 18. c4 Rg8 19. Nh5 Be7 20. Nh2 Kb7 21. Ng4 Rad8 $132 {
1/2-1/2 Hernandez,G-Jonkman,H/Andorra 2001/CBM 83 ext (54)}) 13... c5 14. c4
Bc6 15. Nf4 Kb7 16. Nd5 Ne7 17. Rfe1 Rg8 $14 {1/2-1/2 Kasparov,G-Kramnik,V/
London 2000/CBM 80 (53)}) 13. h3 Be7 (13... b6 14. a4 Bb4 15. Ne2 Re8 16. Nf4
g6 17. g4 Ng7 18. Rd3 Ne6 19. Nxe6 Bxe6 20. Nd4 $14 {1-0 Shirov,A-Krasenkow,M/
Polanica Zdroj 2000/CBM 79 no vc (27)}) 14. Ne4 b6 15. g4 $1 {This reveals one
of the drawbacks of having the B on e7 - the N can't retreat.} Nh4 16. Nxh4
Bxh4 17. f4 {This looks more or less ideal for White. Black has not managed to
"castle" to the Q-side yet and White 's P's are rolling on the K-side.} Re8 18.
f5 c5 19. e6 $1 {[%mdl 4] White wastes no time waiting for Bc6 and Kb7. This
type of swift action using White's lead in development is a model for the
handling of the white side of the Berlin Defence.} fxe6 20. f6 gxf6 21. Nxf6 (
21. Bxf6 Bc6 $13) 21... Rd8 (21... Bxf6 22. Rxf6 $18) 22. Be5 $36 Bc6 23. Rxd8+
Kxd8 24. Ng8 a4 $1 {Finally Black opens his much needed counterplay. The pair
of B's and active R will bring relief.} 25. Rf8+ (25. Nxh6 $5) 25... Kd7 26.
Rf7+ Ke8 27. Rxc7 axb3 28. axb3 Be4 29. c4 (29. Bf6 Bxf6 30. Nxf6+ Kd8 $13)
29... Kf8 30. Nf6 Bxf6 31. Bxf6 Ra2 32. Bg7+ Ke8 33. Bxh6 Rg2+ 34. Kf1 Rg3 {
Black is slightly worse, but his activity makes a draw very likely.} 35. Bg5
Rxh3 36. Re7+ Kf8 37. Rxe6 Bc2 38. Rxb6 Bxb3 39. Kg2 Rd3 40. Bh6+ Kg8 41. g5
Bxc4 42. g6 Rd8 43. Kg3 Bd5 44. Bg5 Rf8 45. Rd6 Rf3+ 46. Kh4 Rd3 47. Bh6 Rd4+
48. Kg5 Be4 49. Rf6 Rd5+ 50. Kf4 Bxg6 $11 51. Rxg6+ Kf7 52. Rc6 Ke7 53. Ke4
Rd4+ 54. Ke5 Rd1 55. Rc7+ Kd8 56. Rxc5 Kd7 57. Bf4 Re1+ 58. Kf5 Rf1 59. Rc4 Ke7
60. Rc7+ Kd8 61. Rh7 Kc8 62. Ke5 Re1+ 63. Kd5 Rd1+ 64. Kc6 Rd7 65. Rh8+ Rd8 66.
Rh1 Rd7 67. Rb1 Rc7+ 68. Kd6 Rg7 69. Kd5 Rb7 70. Rg1 Kd7 71. Bd6 Rb5+ 72. Bc5
Rb7 73. Rh1 Kc7 74. Rh6 Kd7 75. Re6 Kc7 76. Rf6 Kd7 77. Rf8 Kc7 78. Ke6 Kc6 79.
Bd6 Rb3 80. Be5 Rd3 81. Rc8+ Kb5 82. Bc3 Kb6 83. Ke5 Kb7 84. Rc4 Rd7 85. Bd4
Rc7 86. Bc5 Kc8 87. Kd5 Rb7 88. Bd6+ Kd7 89. Rc5 Ke8 1/2-1/2